Development of a chlorpromazine containing dry powder inhaler for targeting systemic effect [abstract] /

Elmentve itt :
Bibliográfiai részletek
Szerzők: Piszman Zsófia Ilona
Party Petra
Ambrus Rita
Testületi szerző: VIII. Symposium of Young Researchers on Pharmaceutical Technology, Biotechnology and Regulatory Science
Dokumentumtípus: Könyv része
Megjelent: University of Szeged Szeged 2026
Sorozat:Symposium of Young Researchers on Pharmaceutical Technology, Biotechnology and Regulatory Science 8
Kulcsszavak:Gyógyszertechnológia - előadáskivonat
Tárgyszavak:
doi:10.14232/syrptbrs.2026.52

Online Access:http://acta.bibl.u-szeged.hu/89455
LEADER 01120naa a2200241 i 4500
001 acta89455
005 20260216143346.0
008 260216s2026 hu o 100 eng d
024 7 |a 10.14232/syrptbrs.2026.52  |2 doi 
040 |a SZTE Egyetemi Kiadványok Repozitórium  |b hun 
041 |a eng 
100 1 |a Piszman Zsófia Ilona 
245 1 0 |a Development of a chlorpromazine containing dry powder inhaler for targeting systemic effect   |h [elektronikus dokumentum] :  |b [abstract] /  |c  Piszman Zsófia Ilona 
260 |a University of Szeged  |b Szeged  |c 2026 
300 |a 52 
490 0 |a Symposium of Young Researchers on Pharmaceutical Technology, Biotechnology and Regulatory Science  |v 8 
650 4 |a Orvos- és egészségtudomány 
650 4 |a Általános orvostudomány 
695 |a Gyógyszertechnológia - előadáskivonat 
700 0 1 |a Party Petra  |e aut 
700 0 1 |a Ambrus Rita  |e aut 
711 |a VIII. Symposium of Young Researchers on Pharmaceutical Technology, Biotechnology and Regulatory Science  |c Szeged  |d 2026. január 28-30. 
856 4 0 |u http://acta.bibl.u-szeged.hu/89455/1/syrptbrs_2026_052.pdf  |z Dokumentum-elérés